书目信息 |
| 题名: |
城市管理监察综合行政执法之理论与实践
|
|
| 作者: | 王亚琴 , 沈俊强 著 | |
| 分册: | ||
| 出版信息: | 北京 法律出版社 2013 |
|
| 页数: | 284页 | |
| 开本: | 23cm | |
| 丛书名: | ||
| 单 册: | ||
| 中图分类: | D922.297.4 | |
| 科图分类: | ||
| 主题词: | 城市管理--行政执法--研究--中国 , 城市管理 , 行政执法 | |
| 电子资源: | ||
| ISBN: | 978-7-5118-5741-5 | |
| 000 | 01088nam0 2200277 450 | |
| 001 | 523 | |
| 005 | 20140908081854.29 | |
| 010 | @a978-7-5118-5741-5@dCNY45.00 | |
| 100 | @a20140227d2013 em y0chiy50 ea | |
| 101 | 0 | @achi |
| 102 | @aCN@b110000 | |
| 105 | @ay z 000yy | |
| 106 | @ar | |
| 200 | 1 | @a城市管理监察综合行政执法之理论与实践@ACheng Shi Guan Li Jian Cha Zong He Xing Zheng Zhi Fa Zhi Li Lun Yu Shi Jian@f王雅琴,沈俊强著@FWang Ya Qin, Shen Jun Qiang Zhu |
| 210 | @a北京@c法律出版社@d2013 | |
| 215 | @a284页@d23cm | |
| 300 | @a北京市哲学社会科学“十一五”规划项目 | |
| 330 | @a本书以我国城管综合执法制度的法制建设和体制改革为关注重点,总结了当今城管综合执法领域存在的执法困境、立法缺失和管理体制等问题,对如何重构我国城管综合执法制度进行分析,提出了可行的解决建议和方案。 | |
| 606 | 0 | @a城市管理@x行政执法@x研究@y中国 |
| 606 | 0 | @a城市管理 |
| 606 | 0 | @a行政执法 |
| 690 | @aD922.297.4@v5 | |
| 701 | 0 | @a王亚琴@AWang Ya Qin@c(女)@4著 |
| 701 | 0 | @a沈俊强@AShen Jun Qiang@f(1974~)@4著 |
| 801 | 0 | @aCN@bTANGWEI@c20140603 |
| 905 | @b0839158-60@dD922.297.4@e1139@f3 | |
| 城市管理监察综合行政执法之理论与实践/王雅琴,沈俊强著.-北京:法律出版社,2013 |
| 284页;23cm |
| 北京市哲学社会科学“十一五”规划项目 |
| ISBN 978-7-5118-5741-5:CNY45.00 |
| 本书以我国城管综合执法制度的法制建设和体制改革为关注重点,总结了当今城管综合执法领域存在的执法困境、立法缺失和管理体制等问题,对如何重构我国城管综合执法制度进行分析,提出了可行的解决建议和方案。 |
| ● |
| 相关链接 |
|
|
|
|
正题名:城市管理监察综合行政执法之理论与实践
索取号:D922.297.4/1139
 
预约/预借
| 序号 | 登录号 | 条形码 | 馆藏地/架位号 | 状态 | 备注 |
| 1 | 0839158 | 208391587 | 第一样本阅览室/ [索取号:D922.297.4/1139] | 在馆 | |
| 2 | 0839159 | 208391596 | 第一借阅区/ [索取号:D922.297.4/1139] | 在馆 | |
| 3 | 0839160 | 208391603 | 密集书库-史法系/ [索取号:D922.297.4/1139] | 在馆 |